| 000 | 01505namaa2200313 i 4500 | ||
|---|---|---|---|
| 001 | 174214 | ||
| 003 | ES-MaACL | ||
| 005 | 20260211101649.0 | ||
| 008 | 100303s1913 sp | |||| ||spa d | ||
| 080 | _a595.76(64 Sus) | ||
| 080 | _a913(64 Sus) | ||
| 100 | 1 |
_aMartínez de la Escalera, Fernando. _9142314 |
|
| 245 | 1 | 4 |
_aUna campaña entomológica en el Sus / _cpor Fernando M. de la Escalera . _bDescripción de los coleópteros recogidos en ella / por Manuel Martínez de la Escalera. |
| 260 |
_aMadrid : _b[Museo de Ciencias Naturales], _c1913. |
||
| 300 |
_a56 p. ; _c23 cm. |
||
| 490 | 1 |
_aTrabajos del Museo de Ciencias Naturales. Serie zoológica ; _v8 |
|
| 530 | _aDisponible en formato digital. | ||
| 594 | _aPrecede al tít.: Junta de Ampliación de Estudios e Investigaciones Científicas. Instituto Nacional de Ciencias Físico-Naturales. | ||
| 650 | 4 |
_aColeópteros- _zMarruecos. _9142317 |
|
| 651 | 4 |
_aMarruecos- _xDescripción. _99025 |
|
| 700 | 1 |
_aMartínez de la Escalera, Manuel. _9142315 |
|
| 710 | 2 |
_aInstituto Nacional de Ciencias Físico-Naturales. _95145 |
|
| 710 | 2 |
_aMuseo Nacional de Ciencias Naturales (España) _95897 |
|
| 830 | 1 | 0 |
_aTrabajos del Museo Nacional de Ciencias Naturales. _pSerie zoológica _v8 _9189348 |
| 852 | 4 |
_aES-MaACL _jB-13147(2) _z Encuadernado con otras obras _cSPB |
|
| 856 | 4 |
_uhttp://simurg.bibliotecas.csic.es/viewer/image/CSIC000245625/1/ _yFondos digitalizados del CSIC |
|
| 942 | _2udc | ||
| 999 |
_c174214 _d174214 |
||